000 00602nam a2200217 i 4500
001 C2-0296375
003 PPAK
005 20180728074728.0
008 090419s nyu |||| ||||| | eng d
040 _aPPAK
_beng
_cPPAK
_erda
082 0 4 _a301
_223
090 0 0 _a301
_bKAT
_dKIH
100 0 _aConrad phillip kottak,
_eauthor
245 1 0 _aAnthropology:
_bThe exploration of human diversity
264 1 _aNew York :
_bUniversity of Michigan ,
300 _a561 pages ;
_c24 cm
336 _2rdacontent
_atext
337 _2rdamedia
_aunmediated
338 _2rdacarrier
_avolume
942 _ddc
_cB
999 _c100827
_d100827